000
00263nam a2200109Ia 4500
008
190216s9999||||xx |||||||||||||| ||und||
100
_a
Yadhunath Dash Mahapabha
245
0
_a
Hindi-Surya Chaya
260
_b
Sahithya Sahkar
650
_a
Hindi
942
_c
BK
999
_c
16245
_d
16245